[Event "34th Rilton Cup"]
[Site "Stockholm SWE"]
[Date "2004.12.29"]
[Round "3.18"]
[White "Pukkila, Markku"]
[Black "Lindberg, Bosse"]
[Result "0-1"]
[WhiteElo "2181"]
[BlackElo "2326"]
[EventDate "2004.12.27"]
[PlyCount "116"]

1.e4 Nc6 2.d4 e5 3.d5 Nce7 4.c4 Ng6 5.Nf3 Nf6 6.Bd3 Bc5 7.O-O d6 8.b4 Bb6 
9.Bb2 Qe7 10.Nbd2 a5 11.a3 Bg4 12.Qc2 Nd7 13.h3 h5 14.Rfc1 Nf4 15.Bf1 Qf6 
16.c5 dxc5 17.bxc5 Bxc5 18.Bxe5 Nxe5 19.Qxc5 Nxh3+ 20.gxh3 Nxf3+ 21.Nxf3 
Bxf3 22.Bb5+ c6 23.dxc6 Qg6+ 24.Kf1 Bg2+ 25.Ke1 Qxe4+ 26.Qe3 Qxe3+ 27.fxe3
bxc6 28.Bxc6+ Bxc6 29.Rxc6 O-O 30.Rc5 Rfe8 31.Ke2 Re4 32.Kf3 Rae8 33.Re1 
Ra4 34.Rc3 Rh4 35.Kg3 Rhe4 36.Kf3 g6 37.Rb1 Kg7 38.Rb5 Ra4 39.Rb7 Re5 40.
Rbc7 Rf5+ 41.Kg3 Rg5+ 42.Kf2 Rf5+ 43.Kg3 h4+ 44.Kg2 Rg5+ 45.Kf2 Rg3 46.Rd7
Rxh3 47.Rcc7 g5 48.Rxf7+ Kg6 49.Rg7+ Kh5 50.Rc3 Rh2+ 51.Kg1 Ra2 52.Rc5 
Rg4+ 53.Kf1 Rxa3 54.Rc8 Rg3 55.Rh8+ Kg4 56.Rhg8 Raxe3 57.Rxg5+ Kh3 58.Kf2 
Rgf3+ 0-1

[Event "34th Rilton Cup"]
[Site "Stockholm SWE"]
[Date "2004.12.29"]
[Round "3.19"]
[White "Lohou, Stephane"]
[Black "Ong, Kezli"]
[Result "0-1"]
[WhiteElo "2167"]
[BlackElo "2325"]
[EventDate "2004.12.27"]
[PlyCount "58"]

1.e4 e5 2.f4 exf4 3.Bc4 Nf6 4.Nc3 c6 5.Bb3 d5 6.exd5 Nxd5 7.Nxd5 cxd5 8.d4
Qh4+ 9.Kf1 Be6 10.Nf3 Qf6 11.Qe2 Be7 12.Qb5+ Nd7 13.Bxd5 Qf5 14.Ne5 Bxd5 
15.Qxd5 Rd8 16.Qb5 g6 17.Qe2 Nxe5 18.dxe5 O-O 19.h4 Rd4 20.Bd2 f3 21.gxf3 
Rxd2 22.Qxd2 Qxf3+ 23.Kg1 Rd8 24.Qg2 Bc5+ 25.Kh2 Qf4+ 26.Qg3 Rd2+ 27.Kh3 
Qf5+ 28.Qg4 Qxc2 29.Rad1 Qd3+ 0-1

[Event "34th Rilton Cup"]
[Site "Stockholm SWE"]
[Date "2004.12.29"]
[Round "3.20"]
[White "Hedman, Erik"]
[Black "Namini, Armin"]
[Result "1-0"]
[WhiteElo "2320"]
[BlackElo "2132"]
[EventDate "2004.12.27"]
[PlyCount "47"]

1.e4 c5 2.Nf3 d6 3.d4 cxd4 4.Nxd4 Nf6 5.Nc3 a6 6.Bg5 e6 7.f4 Nc6 8.e5 h6 
9.Bh4 Nxd4 10.Qxd4 dxe5 11.Qxd8+ Kxd8 12.fxe5 g5 13.O-O-O+ Nd7 14.Bg3 Bg7 
15.Be2 Ke7 16.Bh5 Nxe5 17.Rhe1 f6 18.Bxe5 fxe5 19.Rf1 Rf8 20.Rxf8 Bxf8 21.
Rf1 Bd7 22.Rf7+ Kd6 23.Ne4+ Kc6 24.Nf6 1-0

[Event "34th Rilton Cup"]
[Site "Stockholm SWE"]
[Date "2004.12.29"]
[Round "3.21"]
[White "Aadahl, Mattias"]
[Black "Paterek, Michal"]
[Result "1/2-1/2"]
[WhiteElo "2164"]
[BlackElo "2269"]
[EventDate "2004.12.27"]
[PlyCount "120"]

1.d4 g6 2.c4 Bg7 3.Nc3 c5 4.Nf3 cxd4 5.Nxd4 Nf6 6.e4 O-O 7.Bd3 Nc6 8.Nxc6 
dxc6 9.O-O e5 10.Kh1 Qe7 11.a3 Rd8 12.Qc2 Nd7 13.b4 Nf8 14.c5 Ne6 15.Ne2 
Bd7 16.Bc4 b6 17.Bxe6 Qxe6 18.cxb6 axb6 19.Be3 Rdb8 20.a4 Bf8 21.Rab1 Be8 
22.Rfd1 Ra6 23.f4 exf4 24.Nxf4 Qe5 25.b5 cxb5 26.axb5 Ra3 27.Nd5 Rxe3 28.
Nxe3 Bd6 29.Ng4 Qe6 30.e5 Be7 31.Nf6+ Kg7 32.Nxe8+ Rxe8 33.Qc6 Bc5 34.Re1 
Qxc6 35.bxc6 Re6 36.c7 Rc6 37.e6 fxe6 38.Rxe6 Rxc7 39.Rf1 Rd7 40.Re2 Rd5 
41.g3 b5 42.Rb2 b4 43.Kg2 Rd3 44.Rc1 Bd6 45.Kf2 Rd5 46.Rcc2 Kf6 47.Re2 
Bc5+ 48.Kf3 Rd3+ 49.Kg2 b3 50.Kf1 Bd4 51.Rbd2 Rxd2 52.Rxd2 b2 53.Rd1 Be3 
54.Ke2 Bc1 55.Rd6+ Kf5 56.Rb6 Kg4 57.Kf2 Kh3 58.Rb4 g5 59.Rb7 h5 60.Kg1 
Be3+ 1/2-1/2

[Event "34th Rilton Cup"]
[Site "Stockholm SWE"]
[Date "2004.12.29"]
[Round "3.22"]
[White "Karlsson, Tomas"]
[Black "Hammar, Ulf"]
[Result "1/2-1/2"]
[WhiteElo "2267"]
[BlackElo "2119"]
[EventDate "2004.12.27"]
[PlyCount "129"]

1.e4 e6 2.d4 d5 3.Nc3 Bb4 4.e5 c5 5.a3 Bxc3+ 6.bxc3 Ne7 7.Qg4 Kf8 8.Bd3 b6
9.Nf3 Ba6 10.O-O Bxd3 11.cxd3 cxd4 12.Nxd4 Nbc6 13.Nxc6 Nxc6 14.f4 Ne7 15.
a4 g6 16.Ba3 Kg7 17.Qg5 Nf5 18.g4 Qxg5 19.fxg5 Ne3 20.Rf4 Nc2 21.Ra2 Nxa3 
22.Rxa3 Rac8 23.Kf2 Rc5 24.Ke3 Rhc8 25.Kd4 Ra5 26.Rf2 Kf8 27.Rb2 Rcc5 28.
h4 Rc7 29.Rb4 Rcc5 30.Ra1 Rc7 31.h5 Rcc5 32.Rb2 Rc7 33.Ra3 Rcc5 34.Rh2 Rc7
35.Raa2 Kg7 36.Ra1 Rc8 37.hxg6 hxg6 38.Rb2 Rh8 39.Rb5 Rh4 40.c4 Rxg4+ 41.
Kc3 Rxg5 42.Rxa5 bxa5 43.c5 Rxe5 44.Kd4 Rh5 45.c6 g5 46.Ke5 g4+ 47.Kd6 f5 
48.c7 Rh8 49.Kxe6 f4 50.Kf5 Rc8 51.Kxg4 Rxc7 52.Kxf4 Kf6 53.Rh1 Kg6 54.Ke5
Rc3 55.d4 Ra3 56.Kxd5 Rxa4 57.Rf1 Ra2 58.Kc6 a4 59.d5 Rc2+ 60.Kd7 a3 61.
Rf3 a2 62.Ra3 Kf6 63.d6 Rh2 64.Ra6 Ke5 65.Ra5+ 1/2-1/2

[Event "34th Rilton Cup"]
[Site "Stockholm SWE"]
[Date "2004.12.29"]
[Round "3.23"]
[White "Agrest, Roman"]
[Black "Tetenkina, Irina"]
[Result "1-0"]
[WhiteElo "2107"]
[BlackElo "2255"]
[EventDate "2004.12.27"]
[PlyCount "83"]

1.b4 e5 2.Bb2 d6 3.e3 f5 4.c4 Nf6 5.Nf3 Be7 6.d4 e4 7.Nfd2 d5 8.b5 c6 9.a4
O-O 10.Qb3 Be6 11.Nc3 Kh8 12.Be2 Nbd7 13.O-O Qe8 14.Rfc1 Qg6 15.g3 Ng4 16.
cxd5 cxd5 17.Qd1 Qh6 18.Bxg4 fxg4 19.Nf1 Qf6 20.Qe2 Nb6 21.Nxe4 dxe4 22.d5
Qf5 23.dxe6 Qxe6 24.a5 Nd7 25.Bd4 Bd6 26.Nd2 Rf7 27.a6 b6 28.Rc4 Kg8 29.
Rc6 Ne5 30.Bxe5 Qxe5 31.Ra4 Raf8 32.Nxe4 Bc5 33.Nxc5 bxc5 34.Rf4 Rxf4 35.
gxf4 Qa1+ 36.Kg2 Qb1 37.Qc4+ Kh8 38.Rxc5 Qd1 39.Qd5 Qe2 40.Rc7 h6 41.Rxa7 
Rc8 42.Qb7 1-0

[Event "34th Rilton Cup"]
[Site "Stockholm SWE"]
[Date "2004.12.29"]
[Round "3.24"]
[White "Backman, Michael"]
[Black "Lundvik, Jonas"]
[Result "1-0"]
[WhiteElo "2106"]
[BlackElo "2248"]
[EventDate "2004.12.27"]
[PlyCount "79"]

1.Nf3 Nf6 2.b3 c5 3.e3 Nc6 4.Bb2 a6 5.c4 d5 6.cxd5 Nxd5 7.Be2 Bf5 8.Nh4 
Bc8 9.Nf3 Bg4 10.O-O Qd6 11.Na3 b5 12.Ng5 Bxe2 13.Qxe2 Nf6 14.Rac1 Rc8 15.
Rfd1 e6 16.d4 cxd4 17.Nxb5 axb5 18.Qxb5 Be7 19.Rxd4 Nd5 20.Ne4 Qd7 21.Rdc4
Ndb4 22.Rxb4 Bxb4 23.Bxg7 Be7 24.Bxh8 f5 25.Nf6+ Bxf6 26.Bxf6 Kf7 27.Bd4 
Kg6 28.h3 h5 29.a4 h4 30.b4 Qd6 31.Bc5 Qd2 32.Qc4 Kf7 33.Rf1 Rg8 34.Qxh4 
Ne5 35.Qh5+ Rg6 36.Bd4 Ke7 37.Bxe5 Rxg2+ 38.Kxg2 Qd5+ 39.Qf3 Qxe5 40.b5 
1-0

[Event "34th Rilton Cup"]
[Site "Stockholm SWE"]
[Date "2004.12.29"]
[Round "3.25"]
[White "McGowan, Daniel"]
[Black "Marttala, Thomas"]
[Result "1/2-1/2"]
[WhiteElo "2098"]
[BlackElo "2245"]
[EventDate "2004.12.27"]
[PlyCount "76"]

1.e4 c5 2.c3 d6 3.d4 Nf6 4.dxc5 Nc6 5.cxd6 Nxe4 6.Be3 Nxd6 7.Nf3 g6 8.Na3 
Qa5 9.Nc4 Nxc4 10.Bxc4 Bg7 11.Qd5 O-O 12.Qxa5 Nxa5 13.Bd5 e6 14.Bb3 b6 15.
O-O Bb7 16.Nd4 Ba6 17.Rfe1 e5 18.Nc2 Bb7 19.Rad1 Nxb3 20.axb3 Rfd8 21.Na3 
Bc6 22.h3 f6 23.Rxd8+ Rxd8 24.Re2 Kf7 25.Nc4 Ke6 26.Rd2 Rc8 27.Rd6+ Ke7 
28.Rd2 Bf8 29.f4 e4 30.f5 Rd8 31.Rf2 gxf5 32.Bd4 Ke6 33.Ne3 Bd6 34.Nxf5 
Be5 35.Ng7+ Ke7 36.Nf5+ Ke6 37.Ng7+ Ke7 38.Nf5+ Ke6 1/2-1/2

[Event "34th Rilton Cup"]
[Site "Stockholm SWE"]
[Date "2004.12.29"]
[Round "3.26"]
[White "Lindberg, Henrik"]
[Black "Dalmau, Anneli"]
[Result "1/2-1/2"]
[WhiteElo "2218"]
[BlackElo "2087"]
[EventDate "2004.12.27"]
[PlyCount "83"]

1.e4 e5 2.Nf3 Nc6 3.Nc3 Nf6 4.d4 exd4 5.Nxd4 Bb4 6.Nxc6 bxc6 7.Bd3 d5 8.
exd5 cxd5 9.O-O O-O 10.Bg5 c6 11.Qf3 Bd6 12.Rfe1 Rb8 13.Na4 h6 14.Bf4 Rb4 
15.Bxd6 Qxd6 16.b3 Rf4 17.Qg3 d4 18.f3 Rd8 19.Nb2 Nd5 20.Nc4 Qf6 21.Re5 
Ne3 22.Re1 g5 23.h4 Rxh4 24.Nxe3 dxe3 25.R1xe3 Be6 26.Qe1 Kg7 27.Qc3 Rd5 
28.Be2 Rhd4 29.Rxd5 Bxd5 30.g3 h5 31.Kf2 h4 32.Rd3 Rxd3 33.Qxf6+ Kxf6 34.
Bxd3 hxg3+ 35.Kxg3 Ke5 36.c3 f5 37.Bc2 a5 38.a3 c5 39.b4 cxb4 40.cxb4 axb4
41.axb4 Bc4 42.f4+ 1/2-1/2

[Event "34th Rilton Cup"]
[Site "Stockholm SWE"]
[Date "2004.12.29"]
[Round "3.27"]
[White "Styf, Josef"]
[Black "Henriksson, Jacob"]
[Result "0-1"]
[WhiteElo "2087"]
[BlackElo "2215"]
[EventDate "2004.12.27"]
[PlyCount "60"]

1.d4 Nf6 2.Nf3 e6 3.g3 d5 4.Bg2 c5 5.c4 dxc4 6.Qa4+ Nc6 7.dxc5 Bxc5 8.O-O 
O-O 9.Qxc4 Qd5 10.Qh4 Qe4 11.Qg5 Qf5 12.Nc3 e5 13.Na4 Be7 14.Be3 Qc2 15.b3
Ng4 16.Ne1 Qxe2 17.Bf3 Qxf1+ 18.Kxf1 Nxh2+ 19.Kg2 Bxg5 20.Bxg5 Nxf3 21.
Nxf3 b6 22.Kh2 Bb7 23.Nh4 Nd4 24.Be3 Nc2 25.Rf1 Nxe3 26.fxe3 Rac8 27.Rf2 
Rc1 28.Kh3 h5 29.Nf3 Bxf3 30.Rxf3 Rc2 0-1

[Event "34th Rilton Cup"]
[Site "Stockholm SWE"]
[Date "2004.12.29"]
[Round "3.29"]
[White "Wikstroem, Hans"]
[Black "Edlund, Robin"]
[Result "0-1"]
[WhiteElo "2048"]
[BlackElo "2206"]
[EventDate "2004.12.27"]
[PlyCount "56"]

1.e4 e6 2.d4 d5 3.Nc3 Nf6 4.e5 Nfd7 5.f4 c5 6.Nf3 Nc6 7.Be3 cxd4 8.Nxd4 
Bc5 9.Qd2 O-O 10.O-O-O a6 11.Qf2 Bxd4 12.Bxd4 b5 13.Bd3 b4 14.Ne2 a5 15.
Kb1 Ba6 16.Rhe1 Qc7 17.g4 a4 18.Nc1 Rfc8 19.Qe3 Bxd3 20.cxd3 Nxd4 21.Qxd4 
Qc2+ 22.Ka1 Nc5 23.Qxb4 Nb3+ 24.Nxb3 axb3 25.a3 Rcb8 26.Qd6 Rc8 27.Rb1 Rc6
28.Qb4 Rca6 0-1

[Event "34th Rilton Cup"]
[Site "Stockholm SWE"]
[Date "2004.12.29"]
[Round "3.30"]
[White "Kosmo, Santul"]
[Black "Nyland, Thomas"]
[Result "1-0"]
[WhiteElo "2206"]
[BlackElo "2008"]
[EventDate "2004.12.27"]
[PlyCount "45"]

1.e4 e5 2.f4 exf4 3.Nf3 Be7 4.Be2 Bh4+ 5.Kf1 Bg5 6.d4 Bh6 7.Nc3 Ne7 8.g3 
fxg3 9.Bxh6 g2+ 10.Kxg2 gxh6 11.Rg1 d5 12.Kh1 Nbc6 13.Qd2 Be6 14.exd5 Bxd5
15.Rae1 Qd7 16.Nxd5 Qxd5 17.c4 Qd6 18.d5 Ne5 19.Nxe5 Qxe5 20.Bg4 Qd6 21.
Qd4 Rg8 22.c5 Qa6 23.Qe5 1-0

[Event "34th Rilton Cup"]
[Site "Stockholm SWE"]
[Date "2004.12.29"]
[Round "3.31"]
[White "Hagberg, Martin"]
[Black "Aasberg, Anders"]
[Result "1-0"]
[WhiteElo "2203"]
[BlackElo "1954"]
[EventDate "2004.12.27"]
[PlyCount "55"]

1.e4 c5 2.Nf3 Nc6 3.d4 cxd4 4.Nxd4 g6 5.Nxc6 bxc6 6.Qd4 Nf6 7.Nc3 d6 8.Bc4
Bg7 9.O-O O-O 10.Bg5 h6 11.Bh4 g5 12.Bg3 Nd5 13.e5 Nxc3 14.Qxc3 Qb6 15.
Rad1 Rb8 16.Qa3 d5 17.Bd3 e6 18.b3 a5 19.Qa4 Ba6 20.Qg4 Bxd3 21.Rxd3 Qb4 
22.f4 Qe4 23.h4 gxf4 24.Bxf4 Kh7 25.Rg3 Bxe5 26.Bxe5 Qxe5 27.Kh2 Rb4 28.
Rxf7+ 1-0

[Event "34th Rilton Cup"]
[Site "Stockholm SWE"]
[Date "2004.12.29"]
[Round "3.37"]
[White "Cleanthous, Demetris"]
[Black "Palmblad, Jan-Peter"]
[Result "0-1"]
[WhiteElo "2051"]
[BlackElo "2148"]
[EventDate "2004.12.27"]
[PlyCount "63"]

1.d4 Nf6 2.Nf3 g6 3.g3 Bg7 4.Bg2 O-O 5.O-O d5 6.c4 dxc4 7.Ne5 c6 8.Nxc4 
Nd5 9.Nc3 Nxc3 10.bxc3 Nd7 11.Bf4 Nb6 12.Ne5 Nd5 13.Bd2 Bxe5 14.dxe5 Qc7 
15.c4 Nb6 16.c5 Nc4 17.Bc3 Nxe5 18.f4 Ng4 19.h3 Rd8 20.Qc1 Nf6 21.e4 b6 
22.Be5 Qd7 23.Qc3 Ba6 24.Rf2 Qd3 25.Bxf6 exf6 26.Qxf6 bxc5 27.Rc1 Qe3 28.
Qc3 Rd3 29.Qxc5 Rd1+ 30.Kh2 Qxc1 31.Rc2 Qb1 32.Qxc6 0-1

[Event "34th Rilton Cup"]
[Site "Stockholm SWE"]
[Date "2004.12.29"]
[Round "3.38"]
[White "Hoerbing, Stefan"]
[Black "Forsberg, Viktor"]
[Result "1/2-1/2"]
[WhiteElo "2031"]
[BlackElo "2137"]
[EventDate "2004.12.27"]
[PlyCount "92"]

1.e4 e5 2.Nf3 Nc6 3.Bb5 a6 4.Ba4 Nf6 5.O-O Be7 6.Re1 b5 7.Bb3 d6 8.c3 O-O 
9.h3 Nb8 10.d4 Nbd7 11.Nbd2 Bb7 12.Bc2 Re8 13.Nf1 Bf8 14.Ng3 g6 15.a4 c6 
16.b3 Qc7 17.Bb2 Rad8 18.Qd2 Qb8 19.a5 Bg7 20.b4 d5 21.Bb3 exd4 22.cxd4 h6
23.e5 Ne4 24.Qf4 Nxg3 25.fxg3 f6 26.Qg4 fxe5 27.Qxg6 Nf8 28.Qd3 e4 29.Rxe4
Rxe4 30.Qxe4 Qxg3 31.Bc1 Bc8 32.Bf4 Qg6 33.Qxg6 Nxg6 34.Bg3 Re8 35.Bc2 Nf8
36.Ne5 Ne6 37.Bg6 Rf8 38.Nxc6 Nxd4 39.Ne7+ Kh8 40.Re1 Bxh3 41.Bd3 Rd8 42.
Bh4 Rd7 43.Nxd5 Be6 44.Nf4 Bf5 45.Re8+ Kh7 46.Bxf5+ Nxf5 1/2-1/2

[Event "34th Rilton Cup"]
[Site "Stockholm SWE"]
[Date "2004.12.29"]
[Round "3.39"]
[White "Hansson, Haakan"]
[Black "Hayes, Stuart"]
[Result "1-0"]
[WhiteElo "2137"]
[BlackElo "2048"]
[EventDate "2004.12.27"]
[PlyCount "73"]

1.d4 Nf6 2.c4 e6 3.Nf3 d5 4.Nc3 c5 5.cxd5 exd5 6.g3 Nc6 7.Bg2 Be6 8.O-O 
cxd4 9.Nxd4 Qb6 10.Nxe6 fxe6 11.e3 Bb4 12.Bh3 Bxc3 13.bxc3 Ne5 14.Qa4+ Kf7
15.e4 Nxe4 16.Be3 Qc6 17.Qxc6 Nxc6 18.Rab1 b6 19.c4 Rhd8 20.cxd5 exd5 21.
Rbc1 Ne5 22.Rc7+ Kf8 23.f4 Ng6 24.Bd4 Ne7 25.Bxg7+ Kxg7 26.Rxe7+ Kh8 27.
Bf5 Nf6 28.Rc1 d4 29.Rc6 d3 30.Bxd3 Rxd3 31.Rxf6 Rd1+ 32.Kg2 Rd2+ 33.Kh3 
Rxa2 34.Rh6 b5 35.Rexh7+ Kg8 36.Rh8+ Kg7 37.R6h7+ 1-0

[Event "34th Rilton Cup"]
[Site "Stockholm SWE"]
[Date "2004.12.29"]
[Round "3.40"]
[White "Oerndahl, Markus"]
[Black "Todorovic, Zoran"]
[Result "0-1"]
[WhiteElo "1983"]
[BlackElo "2134"]
[EventDate "2004.12.27"]
[PlyCount "98"]

1.e4 c5 2.Nf3 d6 3.d4 cxd4 4.Nxd4 Nf6 5.Nc3 g6 6.Be3 Nc6 7.f3 Bg7 8.Qd2 
O-O 9.O-O-O Bd7 10.g4 Rc8 11.Kb1 Re8 12.h4 Qa5 13.h5 Nxd4 14.Bxd4 Be6 15.
a3 a6 16.hxg6 fxg6 17.g5 Nd7 18.f4 Bxd4 19.Qxd4 Qc5 20.Qd2 Nf8 21.Bh3 b5 
22.Bxe6+ Nxe6 23.Qh2 Nf8 24.Rd5 Qc4 25.f5 Red8 26.fxg6 hxg6 27.Rd3 Kf7 28.
e5 dxe5 29.Rf1+ Kg8 30.Rdf3 Ne6 31.Qxe5 Rc5 32.Qe3 Rc6 33.Rf7 Rf8 34.Rxf8+
Nxf8 35.Rf4 Qc5 36.Qe1 Qxg5 37.Re4 e6 38.Re5 Qf6 39.Re2 Rc4 40.Ne4 Qf4 41.
b3 Rd4 42.Nc5 Qd6 43.Nd3 Qxa3 44.Qc3 Qd6 45.Re5 Rg4 46.Qe1 Qd4 47.Re3 a5 
48.c3 Qd5 49.Kc2 a4 0-1

[Event "34th Rilton Cup"]
[Site "Stockholm SWE"]
[Date "2004.12.29"]
[Round "3.41"]
[White "Miloradovic, Jelena"]
[Black "Horn, Emilia"]
[Result "1-0"]
[WhiteElo "2133"]
[BlackElo "2046"]
[EventDate "2004.12.27"]
[PlyCount "59"]

1.d4 d5 2.c4 c6 3.cxd5 cxd5 4.Nc3 Nc6 5.e4 e6 6.exd5 exd5 7.Bb5 Nf6 8.Nf3 
a6 9.Bxc6+ bxc6 10.O-O Be7 11.Ne5 Bd7 12.Bf4 O-O 13.Rc1 Qb6 14.Na4 Qb5 15.
b3 Rfc8 16.Nc5 Bf5 17.g4 Be6 18.Re1 Bxc5 19.Rxc5 Qb6 20.f3 a5 21.Qc2 Ra6 
22.Rc1 h5 23.gxh5 Nxh5 24.Be3 Nf6 25.Nxc6 Re8 26.Qd2 a4 27.b4 Bd7 28.Ne5 
Be6 29.Rc6 Qb8 30.Rxa6 1-0

[Event "34th Rilton Cup"]
[Site "Stockholm SWE"]
[Date "2004.12.29"]
[Round "3.42"]
[White "Ullen, Jan"]
[Black "Duenas, Alexis"]
[Result "1-0"]
[WhiteElo "2128"]
[BlackElo "1987"]
[EventDate "2004.12.27"]
[PlyCount "83"]

1.e4 c5 2.Nf3 Nc6 3.d4 cxd4 4.Nxd4 Nf6 5.Nc3 e5 6.Nb3 Bb4 7.Bg5 Bxc3+ 8.
bxc3 h6 9.Bxf6 Qxf6 10.Bc4 Qg6 11.Qf3 O-O 12.h3 d6 13.Rd1 Kh8 14.g4 b6 15.
Bd5 Bb7 16.Qd3 Rac8 17.Rg1 Rc7 18.Nc1 Qg5 19.Ne2 g6 20.Qg3 Kg7 21.h4 Qe7 
22.Rd3 Ba6 23.Rf3 Na5 24.g5 h5 25.Rf6 Bc4 26.Bxc4 Rxc4 27.Qd3 Rc6 28.Rg3 
Nc4 29.Rgf3 Rc5 30.Ng3 b5 31.Kf1 a6 32.Kg1 Rc6 33.Qe2 Rc7 34.Rd3 Rh8 35.
Nf1 Rhc8 36.Ne3 Nxe3 37.Qxe3 Rc6 38.Qd2 Qc7 39.Rdf3 Rf8 40.Rd3 Rc8 41.
Rdxd6 Rxc3 42.Rd7 1-0

[Event "34th Rilton Cup"]
[Site "Stockholm SWE"]
[Date "2004.12.29"]
[Round "3.44"]
[White "Kafka, Graeme"]
[Black "Toecklin, Tomi"]
[Result "1/2-1/2"]
[WhiteElo "2122"]
[BlackElo "1969"]
[EventDate "2004.12.27"]
[PlyCount "116"]

1.e4 c6 2.d4 d5 3.e5 c5 4.dxc5 Nc6 5.Bb5 e6 6.Be3 Qc7 7.Nf3 Ne7 8.c3 Bd7 
9.Bxc6 Nxc6 10.Bd4 Be7 11.O-O O-O 12.Qe2 a5 13.Nbd2 a4 14.b4 axb3 15.axb3 
Ra7 16.Rxa7 Nxa7 17.Qe3 Rc8 18.Ra1 Nb5 19.b4 Bc6 20.h3 Qd8 21.Nb3 Ra8 22.
Qc1 Qb8 23.Rxa8 Qxa8 24.Na5 Bd8 25.Nxc6 bxc6 26.Be3 Qa2 27.Nd4 Qa6 28.Nb3 
Qa2 29.Nd4 Qa6 30.Nxb5 Qxb5 31.Qa1 Qb7 32.Qa4 Bc7 33.Bd4 Kf8 34.f3 Ke8 35.
Kf2 Kd7 36.Qc2 g6 37.Qd2 Qb8 38.Qf4 Qf8 39.Qf6 Bd8 40.Qf4 Be7 41.Kg1 h5 
42.c4 dxc4 43.Bc3 Qg8 44.Qxc4 Qb8 45.Qd3+ Ke8 46.Qa6 Kd7 47.Kf2 Bd8 48.
Qd3+ Kc8 49.Qd6 Qb7 50.Bd2 Be7 51.Qd3 Bh4+ 52.g3 Be7 53.Qc4 Bd8 54.h4 Be7 
55.Ke2 Bd8 56.Bg5 Bc7 57.Bf6 Qb8 58.f4 Qa7 1/2-1/2

[Event "34th Rilton Cup"]
[Site "Stockholm SWE"]
[Date "2004.12.29"]
[Round "3.45"]
[White "Heden, Gustav"]
[Black "Wilsbeck, Jan Boerge"]
[Result "1-0"]
[WhiteElo "2116"]
[BlackElo "1947"]
[EventDate "2004.12.27"]
[PlyCount "55"]

1.c4 e5 2.Nc3 Nf6 3.g3 g6 4.Bg2 Bg7 5.e3 O-O 6.Nge2 Nc6 7.O-O Re8 8.Rb1 d6
9.d4 exd4 10.Nxd4 Nxd4 11.exd4 Bf5 12.Bxb7 Rb8 13.Bc6 Re7 14.Ra1 Rb6 15.
Bg2 Qe8 16.Bg5 Rxb2 17.Bxf6 Bxf6 18.Nd5 Bg5 19.Nxe7+ Qxe7 20.Re1 Qd7 21.d5
Bf6 22.Be4 Bg4 23.Qd3 Qa4 24.Qe3 Kg7 25.Qf4 h5 26.a3 Bc3 27.Bxg6 fxg6 28.
Re7+ 1-0

[Event "34th Rilton Cup"]
[Site "Stockholm SWE"]
[Date "2004.12.29"]
[Round "3.48"]
[White "Elfstroem, Joergen"]
[Black "Penttilae, Tero"]
[Result "1-0"]
[WhiteElo "2131"]
[BlackElo "2006"]
[EventDate "2004.12.27"]
[PlyCount "84"]

1.d4 Nf6 2.c4 c5 3.d5 b5 4.cxb5 a6 5.bxa6 g6 6.Nc3 Bxa6 7.e4 Bxf1 8.Kxf1 
d6 9.g3 Bg7 10.Kg2 O-O 11.Nf3 Nbd7 12.h3 Ra6 13.Re1 Qa8 14.Re2 Rb8 15.Rc2 
Rb4 16.Qe2 e6 17.a3 Rb8 18.Bg5 exd5 19.exd5 Re8 20.Qd3 Rb6 21.Rd1 Rb3 22.
Re2 Reb8 23.Bc1 Nb6 24.Qc2 Nbd7 25.Kh2 Qa6 26.Ree1 R3b7 27.Qe2 Qa5 28.Nd2 
Nh5 29.Nde4 Qc7 30.Qc2 Ne5 31.Kg2 Qd7 32.f4 Nc4 33.b4 cxb4 34.axb4 Rxb4 
35.Kf3 Qa7 36.Rd3 Nf6 37.Nxf6+ Bxf6 38.Ne4 Bg7 39.Bd2 Rb2 40.Qxc4 R2b4 41.
Qc6 Qa4 42.Qxd6 Rxe4 1-0

[Event "34th Rilton Cup"]
[Site "Stockholm SWE"]
[Date "2004.12.29"]
[Round "3.49"]
[White "Stenson, Johan"]
[Black "Helin, Mikael"]
[Result "1-0"]
[WhiteElo "2099"]
[BlackElo "1961"]
[EventDate "2004.12.27"]
[PlyCount "107"]

1.e4 c5 2.c3 d5 3.exd5 Qxd5 4.d4 g6 5.Nf3 Bg7 6.Be3 Bg4 7.Be2 Nc6 8.dxc5 
Nf6 9.O-O Rd8 10.Nbd2 O-O 11.h3 Bc8 12.Qa4 Qd7 13.Rad1 Qc7 14.Bf4 e5 15.
Bg5 Nd5 16.Bxd8 Rxd8 17.Ne4 Nf4 18.Bc4 Rf8 19.b4 Bxh3 20.gxh3 Qc8 21.Nfg5 
h6 22.Nd6 Nxh3+ 23.Kh2 Qg4 24.Nxh3 e4 25.Nxe4 Qxe4 26.Bd5 Qe8 27.b5 Ne7 
28.c4 g5 29.Rfe1 Qb8+ 30.Kh1 Ng6 31.Qb3 g4 32.Ng1 Qc8 33.Qd3 Nf4 34.Qe4 
Nxd5 35.Rxd5 Kh8 36.Qe7 Qb8 37.Kg2 Qf4 38.Re4 Qc1 39.Rxg4 Qc3 40.Ne2 Qb2 
41.Ng3 Rg8 42.Qxf7 Rf8 43.Qxg7+ Qxg7 44.Rxg7 Kxg7 45.Rd7+ Rf7 46.Nf5+ Kf6 
47.Rxf7+ Kxf7 48.Nxh6+ Ke6 49.f4 a6 50.a4 a5 51.f5+ Ke5 52.c6 bxc6 53.bxc6
Kd6 54.f6 1-0

[Event "34th Rilton Cup"]
[Site "Stockholm SWE"]
[Date "2004.12.29"]
[Round "3.50"]
[White "Alquist, Erik"]
[Black "Bernholdsson, Svante"]
[Result "1-0"]
[WhiteElo "2095"]
[BlackElo "1955"]
[EventDate "2004.12.27"]
[PlyCount "125"]

1.e4 c5 2.Nf3 d6 3.d4 cxd4 4.Nxd4 Nf6 5.Nc3 Nc6 6.Bg5 e6 7.Qd2 a6 8.O-O-O 
h6 9.Nxc6 bxc6 10.Bf4 d5 11.Qe3 Be7 12.Be2 Qa5 13.Qg3 Bb7 14.Bc7 Qb4 15.a3
Qc5 16.e5 Nd7 17.Qxg7 Rf8 18.Qg3 Rc8 19.Na4 Qa7 20.Ba5 c5 21.Bd2 Bc6 22.
Nc3 Qb7 23.Bxh6 Rh8 24.Qg7 Rf8 25.Rd3 Rb8 26.Nd1 c4 27.Rf3 d4 28.Rxf7 Rxf7
29.Bh5 Bxa3 30.Bg5 Bxb2+ 31.Kd2 Qb4+ 32.Ke2 d3+ 33.cxd3 cxd3+ 34.Kf1 Nxe5 
35.Nxb2 Qxb2 36.Bxf7+ Nxf7 37.Qg8+ Kd7 38.Qxf7+ Kc8 39.Qxe6+ Kb7 40.Qe1 
Qb5 41.Bd2 Re8 42.Qc1 Qe5 43.h4 Qe4 44.Rh2 Qe2+ 45.Kg1 Bb5 46.Rh3 Rc8 47.
Qb2 Rc2 48.Qg7+ Ka8 49.Be3 Kb8 50.Qa7+ Kc8 51.Rg3 Qd1+ 52.Kh2 Qh5 53.Rg8+ 
Be8 54.Qxa6+ Kc7 55.Bf4+ Kd7 56.Qxd3+ Ke6 57.Qe4+ Kd7 58.Rg7+ Bf7 59.Qd3+ 
Ke8 60.Qxc2 Qxh4+ 61.Kg1 Qxf4 62.Qc8+ Ke7 63.Qb7+ 1-0

[Event "34th Rilton Cup"]
[Site "Stockholm SWE"]
[Date "2004.12.29"]
[Round "3.51"]
[White "Isaksson, Per"]
[Black "Ozga, Magdalena"]
[Result "1-0"]
[WhiteElo "2072"]
[BlackElo "1911"]
[EventDate "2004.12.27"]
[PlyCount "67"]

1.d4 e6 2.c4 Bb4+ 3.Nd2 Nf6 4.Nf3 b6 5.e3 Bb7 6.Bd3 O-O 7.O-O Re8 8.Qc2 
Bxd2 9.Nxd2 d6 10.f3 e5 11.d5 Nbd7 12.Re1 a5 13.b3 Nc5 14.Be2 Rf8 15.Bb2 
Nfd7 16.f4 Qe7 17.Bf1 c6 18.dxc6 Bxc6 19.Rad1 g5 20.Qf5 f6 21.Be2 exf4 22.
exf4 Qe3+ 23.Kf1 Be4 24.Nxe4 Nxe4 25.Bd4 Nd2+ 26.Rxd2 Qxd2 27.Qd5+ Rf7 28.
Qxa8+ Kg7 29.Qd5 Ne5 30.Be3 Qc3 31.fxe5 fxe5+ 32.Bf3 h6 33.Rd1 Kf8 34.Kg1 
1-0

[Event "34th Rilton Cup"]
[Site "Stockholm SWE"]
[Date "2004.12.30"]
[Round "4.2"]
[White "Lyrberg, Patrik"]
[Black "Ivanov, Sergei"]
[Result "0-1"]
[WhiteElo "2432"]
[BlackElo "2553"]
[EventDate "2004.12.27"]
[PlyCount "112"]

1.d4 Nf6 2.c4 e6 3.Nc3 Bb4 4.e3 c5 5.Bd3 Nc6 6.Ne2 cxd4 7.exd4 d5 8.a3 
dxc4 9.Bxc4 Be7 10.Qd3 O-O 11.O-O a6 12.Rd1 b5 13.Ba2 Bb7 14.b4 Bd6 15.Qh3
e5 16.Bg5 Nxd4 17.Nxd4 exd4 18.Nd5 Be5 19.Nxf6+ Bxf6 20.Bxf6 Qxf6 21.Qd7 
Rab8 22.Qxd4 Qg5 23.g3 Rbd8 24.Qa7 Rxd1+ 25.Rxd1 Bf3 26.Re1 h6 27.Qe3 Qf6 
28.Bb1 Bc6 29.Qe5 Qf3 30.Be4 Bxe4 31.Qxe4 Qxa3 32.Rd1 Rc8 33.Kg2 Qc3 34.
Rd6 Qc4 35.Qb7 Re8 36.Rxa6 Re1 37.Qd7 Qf1+ 38.Kf3 Qe2+ 39.Kg2 Qf1+ 40.Kf3 
Qe2+ 41.Kg2 Qe4+ 42.Kh3 Re2 43.Ra3 Rxf2 44.Qd8+ Kh7 45.Qd3 Re2 46.g4 Qxd3+
47.Rxd3 Re4 48.Rb3 Kg6 49.Kg3 h5 50.gxh5+ Kxh5 51.Kf3 f5 52.Kg3 g5 53.Kg2 
Re2+ 54.Kg1 f4 55.Rd3 Rb2 56.Rd4 Kg4 0-1

[Event "34th Rilton Cup"]
[Site "Stockholm SWE"]
[Date "2004.12.30"]
[Round "4.3"]
[White "Khenkin, Igor"]
[Black "Gleizerov, Evgeny"]
[Result "1-0"]
[WhiteElo "2587"]
[BlackElo "2539"]
[EventDate "2004.12.27"]
[PlyCount "45"]

1.Nf3 d5 2.d4 Bf5 3.c4 e6 4.Nc3 c6 5.Qb3 Qb6 6.c5 Qc7 7.Bf4 Qc8 8.Nh4 Bg4 
9.h3 Bh5 10.g4 Be7 11.Be5 Kf8 12.Bg3 Bg6 13.Bg2 Nf6 14.O-O Bd8 15.f3 b6 
16.cxb6 Bxb6 17.Na4 Nbd7 18.Nxb6 axb6 19.Rfc1 Ke7 20.a4 Rd8 21.Qc3 Qa6 22.
Qxc6 Qxe2 23.Re1 1-0

[Event "34th Rilton Cup"]
[Site "Stockholm SWE"]
[Date "2004.12.30"]
[Round "4.4"]
[White "Couso, Luis"]
[Black "Ulybin, Mikhail"]
[Result "0-1"]
[WhiteElo "2339"]
[BlackElo "2556"]
[EventDate "2004.12.27"]
[PlyCount "76"]

1.e4 c5 2.Nf3 e6 3.d4 cxd4 4.Nxd4 Nf6 5.Nc3 d6 6.Be2 Be7 7.O-O O-O 8.Be3 
Nc6 9.Kh1 a6 10.a4 Qc7 11.f4 Re8 12.Nf3 Bd7 13.Bd3 Rac8 14.Qe2 Nb4 15.a5 
Bc6 16.Bd4 Nd7 17.Bg1 e5 18.fxe5 Nxd3 19.cxd3 dxe5 20.Nd2 Bb4 21.Qf3 f6 
22.Nb3 Qd6 23.Qg3 Rcd8 24.Rf3 Qe6 25.Nd2 Nc5 26.Rc1 Kh8 27.Bxc5 Bxc5 28.
Nd5 Bxd5 29.Rxc5 Bc6 30.Rf1 Qa2 31.Nc4 Qb3 32.h3 Rxd3 33.Qg4 Qb4 34.Nxe5 
fxe5 35.Rf7 Rg8 36.Rxe5 Qd6 37.Qf4 Rd1+ 38.Kh2 Rf1 0-1